000 00628nam a2200217Ii 4500
003 JO-AjNU
008 230605s9999||||xx |||||||||||||| ||und||
017 _a2012/7/2417
040 _aJO-AjNU
_bara
_erda
_cJO-AjNU
041 _aara
050 1 4 _aP7864 2012
100 3 _aبني عطا، علي محمد محمود,
_eauthor
_943249
245 0 0 _aديوان الأريج
250 _aط1
264 3 1 _aعمان: دار الجنان، 2012
300 _a136ص
336 _atext
_btxt
_2rdacontent
337 _aunmediated
_bn
_2rdamedia
338 _avolume
_bnc
_2rdacarrier
650 4 _aالشعر العربي
_943250
999 _aA18580
_c22148
_d22148